[Event "Olympiad Women 2024"]
[Site "Budapest HUN"]
[Date "2024.09.16"]
[Round "6.35"]
[Board "2"]
[White "Amoko, Ivy Claire"]
[Black "Babic, Milana"]
[Result "0-1"]
[WhiteElo "1820"]
[BlackElo "2080"]
[PlyCount "90"]
[EventDate "2024.09.11"]
[WhiteTeam "Uganda"]
[BlackTeam "Bosnia & Herzegovina"]
[WhiteTeamCountry "UGA"]
[BlackTeamCountry "BIH"]

1. e4 e6 2. d4 d5 3. Nd2 dxe4 4. Nxe4 Nd7 5. Nf3 Ngf6 6. Nxf6+ Nxf6 7. Bd3 c5 8. O-O cxd4 9. Nxd4 Bc5 10. Nb3 Bd6 11. Bg5 Qc7 ({RR} 11... Bd7) 12. h3 ({RR} 12. Bxf6 gxf6 13. Qh5 Bd7 14. Rfe1 Be5 15. Re4 Bc6 16. Rc4 Qb6 17. Re1 Rg8 18. Be4 Bb5 19. Bxh7 Rxg2+ 20. Kxg2 Bxc4 21. Be4 Ke7 22. Qf3 Rb8 23. h3 Bxb2 24. Nd2 Ba6 25. Bd3 Bxd3 26. cxd3 Bc3 {0-1 Lenoir Ibacache,G (2228)-Romanchuk,V (2266) Titled Tue 25th Jun Late 2024 (3)}) 12... h6 13. Bh4 $146 ({RR} 13. Bxf6 gxf6 14. Nd4 Bd7 15. a4 Qc5 16. c3 Rg8 17. Qf3 f5 18. Rfe1 O-O-O 19. b4 Qc7 20. a5 Bc6 21. Nxc6 Qxc6 22. Qxc6+ bxc6 23. Rad1 Be7 24. Re2 Kc7 25. Rc2 e5 26. Be2 e4 27. Rxd8 Rxd8 {1-0 Timagin,P (2170)-Gaprindashvili,V (2270) Moscow Kasparov Cup 1998 (6)}) ({RR} 13. Be3 b6 14. Bb5+ Ke7 15. Qe2 a6 16. Bd3 Rd8 17. a4 Nd5 18. a5 Nxe3 19. fxe3 Bb7 20. Qh5 Rf8 21. Qg4 b5 22. Nd4 Bh2+ 23. Kf2 Be5 24. Ke2 Bf6 25. Rad1 Rad8 26. Be4 Bxd4 27. Bxb7 f5 {0-1 Boydia,S (1997)-Adebayo,A (2313) Olympiad-44 Chennai 2022 (3.3)}) ({RR} 13. Bxf6 gxf6 14. Qf3 Be5 15. Rad1 Bd7 16. c3 O-O-O 17. Be4 f5 18. Bd3 Bc6 19. Qe2 Rhg8 20. f3 Rg3 21. Bb5 Rdg8 22. Bxc6 Rxg2+ 23. Qxg2 Rxg2+ 24. Kxg2 Qxc6 25. Nd4 Qe8 26. Kf2 Qa4 27. a3 Bc7 {0-1 Bettalli,F (2249)-Fajdetic,H (2151) Titled Tuesday intern op 30th Aug Late blitz 2022 (6)}) 13... Bd7 14. Bg3 Bxg3 15. fxg3 Qxg3 16. Qe2 O-O 17. Rf3 Qh4 18. Raf1 Bc6 19. Rf4 Qg3 20. Na5 Nd5 21. R4f3 Qd6 22. Nxc6 Qxc6 23. Qe4 f5 24. Qe5 Rae8 25. Kh1 a6 26. a3 Qc7 27. Qe2 Qb6 28. Qe5 Qc7 29. Qe2 Nf6 30. Re3 Qb6 31. Bc4 Ne4 32. Bd3 Qxb2 33. Bxe4 fxe4 34. Rxf8+ Rxf8 35. Rxe4 Qxa3 36. Rxe6 Qc1+ 37. Kh2 Qf4+ 38. Kg1 Qd4+ 39. Re3 Re8 40. Kf2 Rxe3 41. Qxe3 Qxe3+ 42. Kxe3 Kf7 43. Kd4 b6 44. c4 Ke6 45. g3 a5 0-1

[Event "Olympiad Women 2024"]
[Site "Budapest HUN"]
[Date "2024.09.16"]
[Round "6.36"]
[Board "1"]
[White "Castillo Pena, Patricia Evarista"]
[Black "Toth, Lili"]
[Result "1/2-1/2"]
[WhiteElo "1928"]
[BlackElo "2105"]
[PlyCount "85"]
[EventDate "2024.09.11"]
[WhiteTeam "Dominican Republic"]
[BlackTeam "Hungary C"]
[WhiteTeamCountry "DOM"]

1. d4 Nf6 2. Nf3 d5 3. e3 c5 4. Bd3 Nc6 5. b3 cxd4 6. exd4 Bg4 7. Bb2 Qa5+ ({RR} 7... e6 8. Nbd2 Bd6 9. h3 Bh5 10. a3 O-O 11. Qe2 Rc8 12. O-O a6 13. g4 Bg6 14. Ne5 Bxd3 15. cxd3 Qb6 16. g5 Nxd4 17. Bxd4 Qxd4 18. Ndf3 Qf4 19. gxf6 gxf6 20. Ng4 f5 21. Ngh2 Kh8 22. Kh1 {0-1 Klukin,K (2390)-Tabatabaei,M (2696) Titled Tue 9th Jan Late 2024 (3)}) 8. c3 $146 ({RR} 8. Nbd2 Nb4 9. Be2 Bxf3 10. Bxf3 Qc7 11. a3 Nxc2+ 12. Kf1 Nxa1 13. Bxa1 Rc8 14. g3 Qc1 15. Kg2 Qxd1 16. Rxd1 e6 17. b4 Bd6 18. Nb3 b6 19. Bb2 Rc2 {0-1 Pool,L (1425)-Yan,W (1407) World Youth U16 Olympiad 2023 (3.18)}) ({RR} 8. Qd2 Bxf3 9. gxf3 Qb6 10. c3 e6 11. Na3 Be7 12. Rg1 O-O 13. O-O-O Rfc8 14. Qh6 g6 15. h4 Nxd4 16. h5 Nf5 17. Bxf5 exf5 18. hxg6 fxg6 19. c4 Bxa3 20. Bxa3 dxc4 21. Rxg6+ hxg6 22. Qxg6+ Kh8 {1-0 Castillo Pena,P (1928)-Mestnikov,A (2077) Titled Tue 16th Jul Early 2024 (2)}) ({RR} 8. Nbd2 Nb4 9. Qe2 Nxd3+ 10. Qxd3 e6 11. O-O Bf5 12. Qe2 Bxc2 13. Nc4 dxc4 14. Qxc2 cxb3 15. Qxb3 Qd5 16. Rac1 Qxb3 17. axb3 Nd5 18. Rfd1 Bd6 19. Ne5 Ke7 20. Nc4 Rhc8 21. g3 b5 22. Ne3 a5 {0-1 McNutt,W (1729)-Hevia Alejano,C (2492) Brownsville UT RGV GM 3rd 2017 (5)}) ({RR} 8. Bc3 Qc7 9. h3 Bh5 10. O-O e6 11. Re1 Bd6 12. a3 O-O 13. Nbd2 a5 14. Bb2 a4 15. b4 Bf4 16. Nf1 Ne7 17. g3 Bd6 18. Rc1 Nc8 19. c4 dxc4 20. Bxc4 Qd8 21. d5 exd5 22. Bxd5 Rb8 {1-0 Vasilevich,T (2365)-Galliamova,A (2459) RUS-ch Higher League (Women) 67th 2017 (2)}) 8... Bxf3 9. gxf3 Qc7 10. Na3 g6 11. Qd2 Bg7 12. Nc2 O-O 13. h4 Nh5 14. O-O-O Qf4 15. Qxf4 Nxf4 16. Ne3 Nxd3+ 17. Rxd3 e6 18. h5 f5 19. hxg6 hxg6 20. f4 Rac8 21. Kb1 Kf7 22. Ng2 Rh8 23. Rdh3 Rxh3 24. Rxh3 Nb8 25. Ne1 Rh8 26. Rxh8 Bxh8 27. Nf3 Nc6 28. Kc2 Bf6 29. Ba3 Ke8 30. Kd3 Kd7 31. Bf8 Nd8 32. c4 Nf7 33. Bb4 g5 34. fxg5 Nxg5 35. Nxg5 Bxg5 36. Bd2 Bf6 37. Bf4 Ke7 38. Be5 Bg5 39. f4 Bh4 40. b4 a6 41. a4 Kd7 42. b5 axb5 43. axb5 1/2-1/2

[Event "Olympiad Women 2024"]
[Site "Budapest HUN"]
[Date "2024.09.16"]
[Round "6.36"]
[Board "2"]
[White "Gombocz, Zsofia"]
[Black "Diaz Cesar, Wilsaida Pieranlly"]
[Result "1-0"]
[WhiteElo "2061"]
[BlackElo "1900"]
[PlyCount "89"]
[EventDate "2024.09.11"]
[WhiteTeam "Hungary C"]
[BlackTeam "Dominican Republic"]
[BlackTeamCountry "DOM"]

1. e4 e5 2. Nf3 d6 3. d4 exd4 4. Nxd4 Nf6 5. Nc3 Be7 6. Bf4 O-O 7. Qd2 a6 8. O-O-O b5 9. f3 c6 ({RR} 9... c5 10. Nf5 Bxf5 11. exf5 Nc6 12. g4 b4 13. Nd5 Nxd5 14. Qxd5 Bg5 15. Bxg5 Qxg5+ 16. Kb1 Nd4 17. Bd3 Qf4 18. Qe4 Qh6 19. Rde1 Rad8 20. Bc4 Qh4 21. Bd5 Rd7 22. Rhg1 Qf6 23. f4 a5 24. Qd3 {1-0 Edouard,R (2594)-Kazhgaleyev,M (2626) FRA-chT Top 16 Gp Haute 2009 (11)}) ({RR} 9... c5 10. Nf5 Bxf5 11. exf5 Nc6 12. g4 Nd4 13. Qf2 b4 14. Ne2 Qa5 15. Kb1 Nb5 16. g5 Nd5 17. Rxd5 Rfe8 18. f6 Bf8 19. Nc1 Qc7 20. Bc4 Reb8 21. fxg7 Bxg7 22. Rf5 Kh8 23. Rxf7 Qa5 24. Rxg7 {1-0 Giri,A (2749)-Lund,G (2321) Titled Tue 9th Jan Early 2024 (3)}) 10. g4 b4 11. Na4 $146 ({RR} 11. Nce2 Qa5 12. Kb1 Rd8 13. Nf5 Bf8 14. Nc1 d5 15. Bg5 Nbd7 16. e5 Nxe5 17. Nh6+ gxh6 18. Bxf6 Nxf3 19. Qf4 Ng5 20. Nb3 Qb6 {½-½ Furlan,M (2299)-Trussevich,S (2244) Ljubljana-chT 69th Superliga 2016 (6.1)}) ({RR} 11. Nce2 Qa5 12. Kb1 Ne8 13. Nf5 Bxf5 14. gxf5 Nd7 15. Rg1 Rd8 16. Ng3 Ndf6 17. Bg5 Kh8 18. Nh5 Qc5 19. Bd3 Rg8 20. Be3 Qa5 21. Nf4 d5 22. Qf2 dxe4 23. Bb6 Qe5 24. Bxd8 Bxd8 25. fxe4 Bc7 {0-1 Fecker,N (2195)-Schunk,T (2111) Zuoz Engiadina op 24th 2017 (5)}) ({RR} 11. Nce2 c5 12. Nf5 Bxf5 13. gxf5 Qa5 14. Kb1 Nc6 15. Rg1 Kh8 16. Nc1 Rad8 17. Qg2 Ne8 18. Be3 Qb6 19. f4 Bf6 20. Nb3 Nc7 21. Bc4 Nd4 22. Bf2 d5 23. exd5 Ne8 24. Nxd4 cxd4 25. Qe4 Qc7 {1-0 Becerra Rivero,J (2545)-Espinosa,J (2330) CUB-ch Las Tunas 1996 (6)}) 11... g6 12. Bh6 Re8 13. Nf5 Bxf5 14. gxf5 Qa5 15. b3 Nbd7 16. Rg1 Nc5 17. fxg6 hxg6 18. Bc4 d5 19. exd5 Nxa4 20. bxa4 cxd5 21. Bb3 Qc7 22. Bxd5 Nxd5 23. Qxd5 Qb6 24. a5 Qf6 25. Kb1 Rad8 26. Qe4 Rxd1+ 27. Rxd1 g5 28. Rd7 Qxh6 29. Rxe7 Rd8 30. Re8+ Rxe8 31. Qxe8+ Kg7 32. Qe5+ Qf6 33. Qxf6+ Kxf6 34. Kb2 Ke5 35. Kb3 Kf4 36. Kxb4 Kxf3 37. c4 Ke4 38. Kc5 Kd3 39. Kd5 f5 40. c5 f4 41. c6 f3 42. c7 f2 43. c8=Q Ke3 44. Qxa6 Kf3 45. Qf1 1-0

[Event "Olympiad Women 2024"]
[Site "Budapest HUN"]
[Date "2024.09.16"]
[Round "6.37"]
[Board "1"]
[White "Corrales Jimenez, Zenia"]
[Black "Smith, Olivia"]
[Result "1-0"]
[WhiteElo "2170"]
[BlackElo "2087"]
[PlyCount "87"]
[EventDate "2024.09.11"]
[WhiteTeam "Mexico"]
[BlackTeam "Wales"]
[WhiteTeamCountry "MEX"]
[BlackTeamCountry "WLS"]

1. e4 c6 2. d4 d5 3. Nc3 dxe4 4. Nxe4 Nf6 5. Nxf6+ exf6 6. c3 Bd6 7. Bd3 O-O 8. Qc2 Re8+ 9. Ne2 h5 10. O-O h4 11. Nf4 Nd7 12. Qd1 Nf8 13. Qf3 $146 ({RR} 13. Qh5 Qc7 14. g3 hxg3 15. hxg3 Qd7 16. Kg2 Qg4 17. Qh2 Ng6 18. f3 Nxf4+ 19. Bxf4 {1-0 Malicka,M (2326)-Chen,F (2234) Kasparov CF University Cup rapid 2022 (5.137)}) ({RR} 13. Qh5 Qc7 14. g3 hxg3 15. hxg3 Qd7 16. f3 Bxf4 17. Bxf4 Qd5 18. Qxd5 cxd5 19. g4 Bd7 20. Kf2 a6 21. a4 g5 22. Bg3 Ng6 23. a5 Bb5 24. Bxb5 axb5 25. Ra3 Re6 26. Re1 Kf8 27. Rxe6 fxe6 {0-1 Bortnyk,O (2608)-Nakamura,H (2788) Titled Tue 9th Jan Late 2024 (9)}) ({RR} 13. Qh5 Qc7 14. g3 Qd8 15. Ng2 hxg3 16. hxg3 Qd7 17. Bd2 Qg4 18. Qxg4 Bxg4 19. Rfe1 c5 20. Ne3 Bd7 21. Nf5 Bxf5 22. Bxf5 cxd4 23. cxd4 Ne6 24. Bc3 b5 25. d5 Nc7 26. Bd7 Rxe1+ 27. Rxe1 Nxd5 {1-0 Ochedzan,F (1899)-Ejsymont,E (1710) 20th Baltic Pearl Open A 2024 (1.29)}) ({RR} 13. Qh5 Qc7 14. g3 Bd7 15. Bd2 b5 16. Kh1 c5 17. Qxh4 c4 18. Bc2 g5 19. Qh6 gxf4 20. gxf4 Qc6+ 21. f3 f5 22. Rg1+ Ng6 23. Rxg6+ fxg6 24. Qxg6+ Kh8 25. Qh6+ Kg8 26. Rg1+ Kf7 27. Rg7+ {1-0 Sychev,K (2572)-Le,Q (2709) Abu Dhabi Super Blitz op 1st 2020 (8)}) 13... a5 14. Be3 a4 15. c4 Bb8 16. Rfd1 Qd6 17. c5 Qc7 18. g3 Be6 19. d5 cxd5 20. Bb5 Rd8 21. Nxd5 Bxd5 22. Rxd5 Rxd5 23. Qxd5 hxg3 24. hxg3 a3 25. b4 Qe5 26. Qxe5 Bxe5 27. Rd1 Rb8 28. Bc4 Ne6 29. Rd7 Bc3 30. Bd2 Be5 31. Bd5 b6 32. Bxe6 fxe6 33. c6 Rc8 34. b5 g5 35. Bb4 f5 36. Bxa3 Ra8 37. Bd6 Bxd6 38. Rxd6 Kf7 39. Rd7+ Kf6 40. c7 Rc8 41. a4 e5 42. a5 Ke6 43. Rh7 bxa5 44. b6 1-0

[Event "Olympiad Women 2024"]
[Site "Budapest HUN"]
[Date "2024.09.16"]
[Round "6.37"]
[Board "2"]
[White "Camp, Imogen A L"]
[Black "Miranda Rodriguez, Tania"]
[Result "0-1"]
[WhiteElo "1923"]
[BlackElo "2090"]
[PlyCount "134"]
[EventDate "2024.09.11"]
[WhiteTeam "Wales"]
[BlackTeam "Mexico"]
[WhiteTeamCountry "WLS"]
[BlackTeamCountry "MEX"]

1. d4 Nf6 2. c4 e6 3. Nf3 d5 4. Nc3 Bb4 5. e3 O-O 6. Qc2 c5 7. cxd5 cxd4 ({RR} 7... exd5 8. dxc5 Nc6 9. a3 Bxc5 10. b4 Bb6 11. Bd3 Bg4 12. Bb2 d4 13. Nxd4 Nxd4 14. exd4 Re8+ 15. Ne2 Rc8 16. Qd1 Nd5 17. O-O Nf4 18. f3 Nxd3 19. Qxd3 Be6 20. Rac1 Qd7 21. Rxc8 Rxc8 22. Rc1 {0-1 Martin Carmona,G (2329)-Sanal,V (2601) Titled Tuesday intern op 29th Mar Early blitz 2022 (1)}) 8. Nxd4 ({RR} 8. exd4 exd5 9. Be2 Nc6 10. O-O h6 11. h3 Be6 12. Be3 Rc8 13. Rac1 Bd6 14. Rfd1 Re8 15. Qb1 a6 16. Na4 Nd7 17. Nc5 Nxc5 18. dxc5 Bb8 19. b4 Qf6 20. a4 Ne5 21. Bd4 Nxf3+ 22. Bxf3 Qf4 {0-1 Beber,A (1925)-Wegerer,F (2117) 43rd St Veit Open 2024 (3.21)}) 8... Nxd5 9. Bd2 Be7 $146 ({RR} 9... a6 10. Rc1 Nxc3 11. Bxc3 Bxc3+ 12. Qxc3 Bd7 13. Be2 Nc6 14. O-O Rc8 15. Nxc6 Bxc6 16. Rfd1 Qg5 17. g3 Rcd8 18. Rxd8 Rxd8 19. f3 h6 20. Kf2 Rd7 21. a3 h5 22. b4 Qd8 23. Rc2 g5 24. h3 {0-1 Henniker Heaton,M-Richards,O British CF-56 Women 1969}) ({RR} 9... e5 10. Nxd5 Bxd2+ 11. Qxd2 Qxd5 12. Nb3 Be6 13. Qxd5 Bxd5 14. Nd2 Nc6 15. a3 Rfd8 16. f3 Rac8 17. Be2 Be6 18. Ne4 Ne7 19. Rd1 Rxd1+ 20. Bxd1 f5 21. Nc3 Nc6 22. O-O Na5 23. Re1 Kf7 24. Be2 {½-½ Ferk,M (2005)-Hohler,P (2192) Liechtenstein op 24th 2006 (4)}) ({RR} 9... Nxc3 10. Bxc3 Bxc3+ 11. Qxc3 e5 12. Nb5 Nc6 13. Rd1 Qe7 14. Bc4 Bg4 15. Rc1 a6 16. Na3 Qg5 17. O-O Bf3 18. g3 Rac8 19. Nc2 Ne7 20. Ne1 Bd5 21. Qb3 b5 22. Bxd5 Rxc1 23. Bg2 Qg6 24. Nf3 {0-1 Cesar Hernandez,J-Arias Torio,S (2184) Internet Section 16-A blitz 2003 (7)}) 10. a3 Bf6 11. Bd3 h6 12. O-O Bxd4 13. exd4 Nc6 14. Ne2 Bd7 15. Be4 Nce7 16. Qd3 Bc6 17. Qg3 Qc7 18. Qh4 Nf6 19. Bd3 Ned5 20. Bxh6 gxh6 21. Qxh6 Rfe8 22. f4 Ne3 23. Qxf6 Nxf1 24. Qg5+ Kf8 25. Rxf1 f5 26. Qf6+ Qf7 27. Qh8+ Ke7 28. Qe5 Kf8 29. Bc4 Qg7 30. Qd6+ Qe7 31. Qe5 Qg7 32. Qd6+ Qe7 33. Qxe7+ Kxe7 34. Re1 Rad8 35. Kf2 Kf6 36. h3 Rg8 37. Rg1 Bd5 38. Bd3 Rh8 39. Ke3 Rdg8 40. Kf2 Rh4 41. a4 a5 42. Bb5 Rg7 43. Bd3 Bc6 44. b3 Bd5 45. Bc4 Be4 46. Kf1 Ke7 47. Kf2 Kd6 48. Kf1 Rg8 49. Kf2 Rg6 50. Kf1 Rg7 51. Kf2 Bc6 52. Kf1 b6 53. Kf2 Rg8 54. Kf1 Rg6 55. Kf2 Rg7 56. Kf1 Rc7 57. Kf2 Bxa4 58. Bxe6 Bb5 59. Bxf5 Bxe2 60. Kxe2 Rxf4 61. g4 Re7+ 62. Kd2 Rf2+ 63. Kd3 Rf3+ 64. Kc2 Re2+ 65. Kd1 Ra2 66. Re1 Rxh3 67. Re2 Rh1+ 0-1

[Event "Olympiad Women 2024"]
[Site "Budapest HUN"]
[Date "2024.09.16"]
[Round "6.37"]
[Board "4"]
[White "Kong, Emma Zihan"]
[Black "Tec Rodas, Sofia Isavelina"]
[Result "0-1"]
[WhiteElo "1747"]
[BlackElo "1800"]
[PlyCount "92"]
[EventDate "2024.09.11"]
[WhiteTeam "Wales"]
[BlackTeam "Mexico"]
[WhiteTeamCountry "WLS"]
[BlackTeamCountry "MEX"]

1. d4 d5 2. c4 c6 3. cxd5 cxd5 4. Nc3 Nc6 5. Nf3 Nf6 6. Bf4 e6 7. e3 Be7 8. Bb5 ({RR} 8. Ne5 Nd7 9. Nf3 a6 10. Rc1 O-O 11. Bd3 Re8 12. O-O Bf6 13. Bb1 Nb6 14. Qe2 Bd7 15. Rfd1 Rc8 16. e4 Nxd4 17. Nxd4 e5 18. Qd3 g6 19. Be3 {½-½ Kacheishvili,G (2598)-Shabalov,A (2534) Chicago op 21st 2012 (3)}) ({RR} 8. Rc1 Nh5 9. Be5 Nf6 10. a3 Bd7 11. Bd3 a6 12. O-O Rc8 13. b4 Na7 14. Qb3 O-O 15. Na4 Bc6 16. h3 Ne4 17. Rc2 f5 18. Nc5 Nxc5 19. dxc5 Qe8 20. Qb2 Bf6 21. Bxf6 Rxf6 22. Ne5 Ba4 {1-0 Steiners,E (2021)-Delaney,J (2217) Gonzaga Classic Masters 2024 (3.6)}) 8... Bd7 9. Bxc6 $146 ({RR} 9. O-O a6 10. Bxc6 Bxc6 11. Qb3 Nh5 12. Bg3 Nxg3 13. hxg3 O-O 14. Rfc1 Bd6 15. Na4 Bxa4 16. Qxa4 b5 17. Qd1 Qd7 18. Ne1 a5 19. a3 Rfc8 20. Nd3 a4 21. Nc5 Bxc5 22. Rxc5 Rxc5 23. dxc5 e5 {0-1 Rezasade,A-Ries,B NRW-ch U14 Bergneustadt 1999 (7)}) ({RR} 9. O-O O-O 10. Rc1 Nh5 11. Bg3 Nxg3 12. hxg3 Rc8 13. Qe2 a6 14. Bd3 Nb4 15. Bb1 b5 16. Ne5 Nc6 17. Nxc6 Bxc6 18. a3 Qa5 19. Qd3 g6 20. b4 Qb6 21. Ne2 Bd7 22. Nf4 Qb7 23. Qd2 a5 {½-½ Nael,T-Brinkmanis,K Tallinn m 2000}) ({RR} 9. O-O O-O 10. Ne5 Nxe5 11. Bxe5 Bxb5 12. Nxb5 a6 13. Nc3 Bd6 14. Bxd6 Qxd6 15. Na4 Nd7 16. Rc1 Rac8 17. Qb3 b5 18. Nc3 Rc4 19. Ne2 Rfc8 20. Qd1 Rxc1 21. Nxc1 Qc6 22. Nd3 Qc2 23. Qc1 Qxc1 {½-½ Kazarina,Y (2183)-Baranova,M RUS-ch (Women) 1st League 2003 (8)}) 9... bxc6 10. O-O c5 11. dxc5 Bxc5 12. a3 a5 13. Rc1 Be7 14. Nd4 O-O 15. Ncb5 Bxb5 16. Nxb5 a4 17. Qe2 Ne4 18. Rc6 Nc5 19. Rc1 Nb3 20. R1c2 Na5 21. Bc7 Qd7 22. Bxa5 Rxa5 23. Nd4 Bd6 24. Qd2 Raa8 25. Nb5 Be5 26. f4 Qb7 27. Nc7 Bxc7 28. Rxc7 Qb3 29. R7c3 Qb6 30. Rc6 Qb3 31. Qd4 h6 32. R6c3 Qb5 33. e4 dxe4 34. Rg3 g6 35. Qxe4 Kg7 36. Qd4+ Kg8 37. Rc7 Qf5 38. Rc5 Qb1+ 39. Kf2 Rad8 40. Qc3 Qd1 41. Rf3 Rd2+ 42. Kg3 Qe2 43. Kh4 Qxg2 44. h3 Rf2 45. Rxf2 Qxf2+ 46. Qg3 Qxc5 0-1

[Event "Olympiad Women 2024"]
[Site "Budapest HUN"]
[Date "2024.09.16"]
[Round "6.38"]
[Board "1"]
[White "February, Jesse Nikki"]
[Black "De Blecourt, Sandra"]
[Result "1/2-1/2"]
[WhiteElo "2013"]
[BlackElo "2065"]
[PlyCount "67"]
[EventDate "2024.09.11"]
[WhiteTeam "South Africa"]
[BlackTeam "Denmark"]
[WhiteTeamCountry "RSA"]
[BlackTeamCountry "DEN"]

1. e4 c5 2. Nf3 Nc6 3. d4 cxd4 4. Nxd4 Nf6 5. Nc3 e5 6. Ndb5 d6 7. Bg5 a6 8. Na3 b5 9. Nd5 Be7 10. Bxf6 Bxf6 11. c4 b4 12. Nc2 a5 13. g3 Bg5 14. h4 Bh6 15. Bh3 ({RR} 15. Qd3 O-O 16. Nce3 Nd4 17. O-O-O Bg4 18. Rd2 Bf3 19. Rg1 b3 20. a3 f5 21. exf5 Bxd5 22. Nxd5 Bxd2+ 23. Kxd2 Rxf5 24. f4 Rf8 25. Bg2 Ra7 26. Be4 g6 27. Kc1 Ne6 28. Qxb3 Nc5 29. Qc2 Rb7 {½-½ Nepomniachtchi,I (2770)-Gukesh,D (2763) SuperUnited CRO Blitz 2024 (12.5)}) 15... O-O ({RR} 15... Be6 16. Bxe6 fxe6 17. Qh5+ Kf8 18. Qf3+ Ke8 19. Nde3 Qf6 20. Qe2 Bxe3 21. Qxe3 Nd4 22. O-O-O Nxc2 23. Kxc2 Rc8 24. Rxd6 Rxc4+ 25. Kb1 Ke7 26. Rhd1 Rhc8 27. Qa7+ Kf8 28. f3 R4c7 29. Qxa5 Qxf3 30. Qxb4 {1-0 Marrujo Pardo,M (2337)-Rodriguez,M (2157) 53rd Mar Del Plata Open 2024 (3.10)}) 16. Bxc8 Rxc8 17. Qh5 $146 ({RR} 17. b3 Kh8 18. Qh5 Qe8 19. Rd1 Qe6 20. O-O f5 21. exf5 Rxf5 22. Qg4 Rcf8 23. Qe4 Nd8 24. f3 g5 25. Nce3 R5f7 26. h5 Nb7 27. Qg4 Qe8 28. a3 bxa3 29. Nc3 Qc6 30. Kg2 Nc5 31. Nb5 e4 {0-1 Lopez Rayo,S (2019)-Otero Acosta,D (2348) Manizales Las Americas op-A 2021 (3)}) ({RR} 17. Kf1 Ne7 18. Nxe7+ Qxe7 19. Qd3 Qb7 20. b3 f5 21. Qd5+ Qxd5 22. exd5 Bd2 23. a4 bxa3 24. Ke2 Bb4 25. Nxa3 f4 26. Nb5 f3+ 27. Kd3 e4+ 28. Ke3 Rb8 29. Rhb1 Rfe8 30. Nd4 Bc5 31. Rxa5 Kf7 {1-0 Lebzak,Y (1936)-Gusarov,A (2253) Cheliabinsk Panchenko Memorial op-A 2020 (7)}) ({RR} 17. b3 Ne7 18. Nce3 Bxe3 19. Nxe3 f5 20. exf5 Nxf5 21. Nxf5 Rxf5 22. Qd5+ Kh8 23. Rd1 Qb6 24. O-O Rf6 25. Kg2 Rcf8 26. f3 h6 27. Rd3 Qa6 28. Rfd1 a4 29. Qb5 Qxb5 30. cxb5 e4 31. fxe4 Rf2+ {1-0 Vachier Lagrave,M (2573)-Polytech. Lille I (2158) Neuilly Ernst Young sim 2007 (1)}) 17... Nb8 18. b3 Nd7 19. g4 Bf4 20. g5 f5 21. exf5 Rxf5 22. Qg4 Rf7 23. Rd1 Rc5 24. O-O Nb6 25. Nxb6 Qxb6 26. Qe6 e4 27. Rd5 Rxd5 28. Qxd5 Bg3 29. h5 Bxf2+ 30. Kg2 g6 31. Qa8+ Rf8 32. Qd5+ Rf7 33. Qa8+ Rf8 34. Qd5+ 1/2-1/2

[Event "Olympiad Women 2024"]
[Site "Budapest HUN"]
[Date "2024.09.16"]
[Round "6.38"]
[Board "2"]
[White "Kakulidis, Ellen"]
[Black "Badenhorst, Chloe"]
[Result "1/2-1/2"]
[WhiteElo "2048"]
[BlackElo "1981"]
[PlyCount "175"]
[EventDate "2024.09.11"]
[WhiteTeam "Denmark"]
[BlackTeam "South Africa"]
[WhiteTeamCountry "DEN"]
[BlackTeamCountry "RSA"]

1. d4 d5 2. c4 e6 3. g3 a6 ({RR} 3... Bb4+ 4. Bd2 Qe7 5. Bg2 Nc6 6. e3 Bxd2+ 7. Qxd2 Nf6 8. Ne2 Ne4 9. Qc1 Qb4+ 10. Nbc3 Nxc3 11. Qxc3 Qxc3+ 12. Nxc3 Nb4 13. Ke2 c6 14. b3 Ke7 15. Rac1 Rd8 16. f4 f5 17. h3 Bd7 18. a3 {1-0 Kozul,Z (2589)-Kurajica,B (2522) CRO-ch Bjelovar 2019 (5)}) 4. Bg2 dxc4 5. Nf3 b5 6. O-O $146 ({RR} 6. Ne5 c6 7. Nxc6 Qb6 8. Ne5 Bb7 9. Bxb7 Qxb7 10. O-O Nc6 11. Nxc6 Qxc6 12. Bd2 Nf6 13. Ba5 h5 14. h4 g5 15. hxg5 h4 16. gxf6 hxg3 17. d5 Qd6 18. dxe6 g2 19. Qxd6 gxf1=Q+ 20. Kxf1 Bxd6 {0-1 Maslov,I (2073)-Popov,M (2218) RUS-chT U20 Kaliningrad 2013 (7)}) ({RR} 6. Ne5 c6 7. O-O Bb7 8. a4 Nf6 9. b3 cxb3 10. Bb2 Bd6 11. Qxb3 Nfd7 12. Nd3 O-O 13. Nc3 Qb6 14. Rfc1 a5 15. Ne4 Be7 16. Nec5 b4 17. Qc4 Ba6 18. Qb3 Bxd3 19. Nxd3 Ra7 20. Qc4 Rc7 {1-0 Miosi,M (2097)-Centamore,A (2164) 83rd ch-ITA Semi-Final 2024 (6.14)}) ({RR} 6. Ne5 c6 7. Nxc6 Qb6 8. Nxb8 Rxb8 9. O-O Bb7 10. e4 Nf6 11. Nc3 Rd8 12. Be3 Qc7 13. Qc2 Be7 14. Rfd1 O-O 15. a3 Ng4 16. Bc1 e5 17. Nd5 Bxd5 18. exd5 exd4 19. Rxd4 f5 20. Bf4 Qb6 {0-1 Nelson,O (1966)-Ruane,B (1868) GBR-ch Major 105th 2018 (3)}) ({RR} 6. Ne5 c6 7. O-O Bb7 8. b3 cxb3 9. Qxb3 Nf6 10. Rd1 Be7 11. Nc3 O-O 12. Ne4 Nbd7 13. Nxc6 Bxc6 14. Nxf6+ Nxf6 15. Bxc6 Rb8 16. Bf3 Qb6 17. e4 Rbc8 18. Be3 Qa5 19. Rac1 h6 20. d5 Rxc1 {0-1 Bjelobrk,I (2396)-Svane,R (2616) Titled Tue 21st Feb Late 2023 (5)}) 6... Bb7 7. b3 cxb3 8. Qxb3 Nf6 9. Bb2 Nbd7 10. Rd1 Bd5 11. Qc2 Be4 12. Qd2 c6 13. Nc3 Bd5 14. Qc2 b4 15. Nb1 c5 16. dxc5 Bxc5 17. Nbd2 Rc8 18. Qd3 Qb6 19. e3 O-O 20. Nb3 Be7 21. Bd4 Qb7 22. Ne1 Bxg2 23. Nxg2 e5 24. Bb2 Rfd8 25. Rac1 Rxc1 26. Rxc1 Qb6 27. Qc4 a5 28. Nh4 a4 29. Nd2 Nc5 30. Ndf3 e4 31. Ne5 Rd5 32. Bd4 Qe6 33. f4 exf3 34. Nhxf3 h6 35. Rb1 Bd6 36. Rxb4 Ncd7 37. Nxd7 Nxd7 38. Rxa4 Qe4 39. Qe2 Rf5 40. Nh4 Rg5 41. Nf3 Rf5 42. Nd2 Qc6 43. Rc4 Qa6 44. Qg4 Ne5 45. Qxf5 Nxc4 46. Qd3 Qxa2 47. Nxc4 Bf8 48. Ne5 Qa5 49. Qf1 Qa2 50. Qf5 Qb3 51. Kg2 Qd5+ 52. Kg1 Qa2 53. Qf1 Qe6 54. Qb1 Bd6 55. Qb2 f6 56. Nd3 Qe4 57. Qb3+ Kh7 58. Nf2 Qc6 59. Qb1+ Kh8 60. Qf5 Qc1+ 61. Kg2 Qc6+ 62. Qe4 Qb5 63. Nd3 f5 64. Qa8+ Kh7 65. Nf4 Bxf4 66. exf4 Qe2+ 67. Bf2 Qc2 68. Qd5 Kh8 69. Qf3 Kh7 70. h3 Kg8 71. g4 Kh7 72. Qd5 fxg4 73. hxg4 Kh8 74. Qe5 Qd2 75. Qe8+ Kh7 76. Qe4+ Kh8 77. Kg3 Qc3+ 78. Qe3 Qc4 79. Qd4 Qf7 80. Qd8+ Kh7 81. Qd3+ Kg8 82. Bd4 h5 83. g5 Qd7 84. f5 Qd5 85. f6 Qxg5+ 86. Kh2 gxf6 87. Qc4+ Kg7 88. Qc7+ 1/2-1/2

[Event "Olympiad Women 2024"]
[Site "Budapest HUN"]
[Date "2024.09.16"]
[Round "6.39"]
[Board "2"]
[White "Zhanybekova, Begimay"]
[Black "Manova, Ivana"]
[Result "0-1"]
[WhiteElo "1784"]
[BlackElo "2031"]
[PlyCount "102"]
[EventDate "2024.09.11"]
[WhiteTeam "Kyrgyzstan"]
[BlackTeam "North Macedonia"]
[WhiteTeamCountry "KGZ"]

1. e4 e5 2. Nf3 Nc6 3. d4 exd4 4. Nxd4 Bc5 5. Nb3 Bb6 6. Nc3 d6 7. Qe2 Nge7 8. Be3 O-O 9. O-O-O Qe8 ({RR} 9... Be6 10. f4 Kh8 11. Kb1 Qe8 12. Bxb6 axb6 13. g4 f6 14. h4 Qf7 15. f5 Bxb3 16. cxb3 Ne5 17. g5 Rad8 18. Bg2 Rd7 19. Rhf1 Rfd8 20. Qe3 Re8 21. Qg3 Red8 22. Qe3 Re8 23. Qg3 Red8 24. Rd2 {½-½ Radjabov,T (2748)-Tomashevsky,E (2701) EU-Cup 26th Plovdiv 2010 (5.2)}) ({RR} 9... Be6 10. f4 f6 11. Kb1 Bxe3 12. Qxe3 Re8 13. Qf3 Qc8 14. h3 a6 15. g4 Kh8 16. Rg1 Bg8 17. h4 Rf8 18. Bh3 Qe8 19. Nd5 Qd8 20. h5 h6 21. Qg3 Nxd5 22. exd5 Nb4 23. Bg2 a5 24. a3 {1-0 Skvortsova,A (2085)-Vujosevic,V (2335) 76th ch-MNE 2024 (7.10)}) ({RR} 9... f5 10. f4 Qe8 11. g3 Qg6 12. Bxb6 axb6 13. Bg2 Kh8 14. Kb1 fxe4 15. Bxe4 Bf5 16. Bxf5 Rxf5 17. Rhf1 Qf7 18. Qd2 Na5 19. Nc1 Nc4 20. Qe2 Nc6 21. Rfe1 b5 22. Qe6 b4 23. Nd5 Qxe6 24. Rxe6 {1-0 Redondo Benavente,A (2055)-Manova,I (1951) Wch U18 Girls 2018 (11.15)}) 10. f3 f5 11. exf5 $146 ({RR} 11. Bxb6 axb6 12. Kb1 Qf7 13. Nb5 Ng6 14. g3 fxe4 15. fxe4 Nge5 16. h3 Be6 17. Qe3 Na5 18. N5d4 Nac4 19. Qc3 Bd7 20. Bxc4 Qxc4 21. Qxc4+ Nxc4 22. g4 Rae8 23. Rhe1 Rf4 24. Nf5 Rfxe4 25. Rxe4 Rxe4 {0-1 Zholdoshmamatov,A (1513)-Villca,J (2335) World ol U16 2017 (1.12)}) 11... Bxf5 12. g4 Bd7 13. Kb1 Ne5 14. Bg2 Bc6 15. Rhf1 N7g6 16. Bh1 Bxe3 17. Qxe3 Nxf3 18. Qc1 Nxh2 19. Rfe1 Ne5 20. Nd5 Qf7 21. Be4 Nexg4 22. Ne7+ Kh8 23. Nxc6 bxc6 24. Bxc6 Rab8 25. Qg5 Ne5 26. Bd5 Nhf3 27. Qc1 Qf4 28. Rh1 Qxc1+ 29. Kxc1 Rf4 30. Nd2 Nxd2 31. Rxd2 Rbf8 32. Rh3 c6 33. Bg2 Rf2 34. Be4 Rf1+ 35. Rd1 g6 36. Rc3 d5 37. Bg2 Rxd1+ 38. Kxd1 Rf2 39. Re3 Nc4 40. Re8+ Kg7 41. b3 Kf7 42. Re1 Rxg2 43. bxc4 Rg4 44. cxd5 Rd4+ 45. Kc1 cxd5 46. Re3 a5 47. Rb3 h5 48. Rb5 a4 49. c3 Rc4 50. Rxd5 Rxc3+ 51. Kb2 Rc4 0-1